[Event "GER-ch U12"]
[Site "Willingen"]
[Date "2003.06.13"]
[Round "10"]
[White "Buechner, Felix"]
[Black "Collmann, Martin"]
[Result "0-1"]
[WhiteElo "1229"]
[BlackElo "1438"]
[PlyCount "72"]
[EventDate "2003.06.08"]
[EventType "swiss"]
[EventRounds "11"]
[EventCountry "GER"]
[SourceTitle "CBM 094 Extra"]
[Source "ChessBase"]
[SourceDate "2003.07.09"]
[SourceVersion "2"]
[SourceVersionDate "2003.07.09"]
[SourceQuality "1"]

1. d4 Nf6 2. c4 g6 3. Nc3 Bg7 4. Bg5 0-0 5. e3 d6 6. Nf3 Nbd7 7. Bd3 e5 8. Qc2 b6 9. 0-0-0 a5 10. Be4 Rb8 11. dxe5 dxe5 12. Nxe5 Qe8 13. Nc6 Nxe4 14. Be7 Bb7 15. Nxb8 Qxe7 16. Nxd7 Nxc3 17. Nxf8 Nxd1 18. Rxd1 Bxf8 19. g3 Be4 20. Qd2 Bf3 21. Rg1 Qe6 22. Qd4 Qh3 23. Qf4 Qxh2 24. Qxf3 Qxg1+ 25. Kc2 Qe1 26. a3 Bd6 27. Kd3 Qb1+ 28. Kc3 Be5+ 29. Kb3 Qxb2+ 30. Ka4 Qc2+ 31. Kb5 Qb3+ 32. Ka6 Qxc4+ 33. Ka7 b5 34. Qa8+ Kg7 35. f4 Qc5+ 36. Ka6 Qb6# 0-1

[Event "GER-ch U12"]
[Site "Willingen"]
[Date "2003.06.12"]
[Round "9"]
[White "Park, Johannes"]
[Black "Buechner, Felix"]
[Result "0-1"]
[WhiteElo "1396"]
[BlackElo "1229"]
[PlyCount "112"]
[EventDate "2003.06.08"]
[EventType "swiss"]
[EventRounds "11"]
[EventCountry "GER"]
[SourceTitle "CBM 094 Extra"]
[Source "ChessBase"]
[SourceDate "2003.07.09"]
[SourceVersion "2"]
[SourceVersionDate "2003.07.09"]
[SourceQuality "1"]

1. d4 d5 2. c4 e6 3. Nf3 Nf6 4. Bg5 Be7 5. Nc3 c6 6. e3 Nbd7 7. cxd5 exd5 8. Bd3 Qc7 9. Rc1 Nb6 10. 0-0 Bg4 11. h3 Bh5 12. Be2 h6 13. Bh4 g5 14. Bg3 Qd8 15. Ne5 Bxe2 16. Qxe2 Nbd7 17. Qf3 Rf8 18. Rfd1 Nxe5 19. Bxe5 Rg8 20. e4 Nxe4 21. Nxe4 dxe4 22. Qxe4 f6 23. Bxf6 Rc8 24. Re1 Rc7 25. Rc2 Kf7 26. Bxe7 Rxe7 27. Qf3+ Kg7 28. Rxe7+ Qxe7 29. Qe3 Qd6 30. Qe5+ Qxe5 31. dxe5 Re8 32. Re2 Kg6 33. g4 Kf7 34. Kg2 Ke6 35. Kg3 Rf8 36. Re4 Kd5 37. f3 Re8 38. Ra4 a6 39. f4 gxf4+ 40. Rxf4 Rxe5 41. Rf7 b5 42. Ra7 Re2 43. Rxa6 Rxb2 44. Kh4 c5 45. Rxh6 Rg2 46. Kg5 c4 47. Kf4 c3 48. Rh5+ Kc4 49. Rh6 Rxa2 50. g5 c2 51. Rc6+ Kb3 52. g6 Ra4+ 53. Ke3 Rc4 54. g7 c1Q+ 55. Kf2 Qf4+ 56. Ke2 Qe5+ 0-1

[Event "GER-ch U12"]
[Site "Willingen"]
[Date "2003.06.09"]
[Round "4"]
[White "Schroedter, Thomas"]
[Black "Buechner, Felix"]
[Result "1-0"]
[WhiteElo "1605"]
[BlackElo "1229"]
[PlyCount "65"]
[EventDate "2003.06.08"]
[EventType "swiss"]
[EventRounds "11"]
[EventCountry "GER"]
[SourceTitle "CBM 094 Extra"]
[Source "ChessBase"]
[SourceDate "2003.07.09"]
[SourceVersion "2"]
[SourceVersionDate "2003.07.09"]
[SourceQuality "1"]

1. d4 d5 2. c4 e6 3. Nc3 Nf6 4. cxd5 exd5 5. Bg5 Be7 6. e3 c6 7. Bd3 0-0 8. Qc2 h6 9. Bh4 Nbd7 10. Nge2 Re8 11. h3 Nf8 12. g4 N6h7 13. Bxe7 Qxe7 14. 0-0-0 g6 15. Kb1 Bd7 16. Rdg1 Rac8 17. h4 b6 18. Nf4 Be6 19. Qd2 Kg7 20. e4 Red8 21. exd5 Bxd5 22. Nfxd5 cxd5 23. f4 Rc6 24. Re1 Qb7 25. f5 a6 26. Qg2 Rcd6 27. Re5 f6 28. Re2 Qc6 29. Re7+ Kh8 30. fxg6 Nxg6 31. Bxg6 Nf8 32. Bf5 Qc4 33. Qd2 1-0

[Event "GER-ch U10"]
[Site "Willingen"]
[Date "2001.06.06"]
[Round "6"]
[White "Heistermann, Till"]
[Black "Buechner, Felix"]
[Result "1/2-1/2"]
[WhiteElo "1189"]
[BlackElo "1072"]
[PlyCount "50"]
[EventDate "2001.06.03"]
[EventType "swiss"]
[EventRounds "11"]
[EventCountry "GER"]
[SourceTitle "EXT 2003"]
[Source "ChessBase"]
[SourceDate "2002.11.25"]
[SourceVersion "1"]
[SourceVersionDate "2002.11.25"]
[SourceQuality "1"]

1. e4 e6 2. d4 d5 3. Nc3 c5 4. Nf3 Nc6 5. Bb5 cxd4 6. Nxd4 Bd7 7. exd5 exd5 8. Nxd5 Nxd4 9. Bxd7+ Qxd7 10. Qxd4 Ne7 11. c4 Nxd5 12. Qxd5 Qxd5 13. cxd5 0-0-0 14. a3 Rxd5 15. 0-0 g6 16. Be3 b6 17. Rac1+ Kb7 18. Rfd1 Rxd1+ 19. Rxd1 f5 20. f4 Bc5 21. Bxc5 bxc5 22. Rc1 Kb6 23. Kf2 Rd8 24. Ke3 a5 25. g3 h5 1/2-1/2

[Event "GER-ch U10"]
[Site "Willingen"]
[Date "2001.06.05"]
[Round "5"]
[White "Buechner, Felix"]
[Black "Zikeli, Julia"]
[Result "1-0"]
[WhiteElo "1072"]
[BlackElo "1178"]
[PlyCount "99"]
[EventDate "2001.06.03"]
[EventType "swiss"]
[EventRounds "11"]
[EventCountry "GER"]
[SourceTitle "EXT 2003"]
[Source "ChessBase"]
[SourceDate "2002.11.25"]
[SourceVersion "1"]
[SourceVersionDate "2002.11.25"]
[SourceQuality "1"]

1. e4 c5 2. Nf3 d6 3. d4 cxd4 4. Nxd4 Nf6 5. Nc3 g6 6. Bc4 Bg7 7. Be3 Nc6 8. f3 0-0 9. Qd2 Bd7 10. 0-0-0 Rc8 11. Bb3 Ne5 12. h4 h5 13. Bh6 Nc4 14. Bxc4 Rxc4 15. Bxg7 Kxg7 16. g3 Qb6 17. Qe3 Rb4 18. b3 Qc5 19. Rd3 e5 20. Nde2 Qxe3+ 21. Rxe3 Bb5 22. Nxb5 Rxb5 23. Rd1 d5 24. exd5 Nxd5 25. Rxe5 Nc3 26. Rxb5 Nxb5 27. c4 Nc7 28. Kb2 Re8 29. Nf4 f6 30. a4 g5 31. hxg5 fxg5 32. Nxh5+ Kg6 33. g4 Re2+ 34. Ka3 Rf2 35. Rd3 Ne6 36. Rd6 Kf7 37. Rd7+ Kg6 38. Rxb7 Rxf3 39. Rxa7 Rh3 40. Ra6 Kf7 41. a5 Nc5 42. Rb6 Rd3 43. a6 Rd7 44. b4 Rd3+ 45. Kb2 Na4+ 46. Kc2 Rc3+ 47. Kd2 Rxc4 48. Rb7+ Kg6 49. a7 Rc8 50. Rb8 1-0

[Event "GER-ch U10"]
[Site "Willingen"]
[Date "2001.06.04"]
[Round "4"]
[White "Fleckenstein, Julian"]
[Black "Buechner, Felix"]
[Result "0-1"]
[WhiteElo "1457"]
[BlackElo "1072"]
[PlyCount "112"]
[EventDate "2001.06.03"]
[EventType "swiss"]
[EventRounds "11"]
[EventCountry "GER"]
[SourceTitle "EXT 2003"]
[Source "ChessBase"]
[SourceDate "2002.11.25"]
[SourceVersion "1"]
[SourceVersionDate "2002.11.25"]
[SourceQuality "1"]

1. e4 e6 2. d4 d5 3. e5 c5 4. c3 Nc6 5. Nf3 Nge7 6. Bd3 g6 7. 0-0 Bg7 8. a3 c4 9. Bc2 Bd7 10. Nbd2 Qc7 11. b3 cxb3 12. Nxb3 b6 13. Re1 0-0-0 14. Ng5 Rdf8 15. f4 h6 16. Nf3 f5 17. Nbd2 Nd8 18. c4 dxc4 19. Qe2 c3 20. Qa6+ Qb7 21. Qc4+ Nec6 22. Qxc3 Nf7 23. Qe3 Rhg8 24. Bd3 Bh8 25. Qe2 Kb8 26. Nc4 Qc7 27. Bd2 Kc8 28. Rac1 Kd8 29. Nb2 g5 30. Bb4 Re8 31. fxg5 hxg5 32. Nc4 Qb7 33. Nd6 Nxd6 34. Bxd6 g4 35. Nd2 Nxd4 36. Qf1 g3 37. Bc7+ Ke7 38. Bd6+ Kf7 39. Qf4 gxh2+ 40. Qxh2 Bc6 41. Qh5+ Rg6 42. g4 Bf3 43. Rc7+ Qxc7 44. Bxc7 Bxg4 45. Qh2 Reg8 46. Nc4 Nf3+ 47. Kh1 Nxh2 48. Kxh2 Bf3 49. Nd6+ Ke7 50. Nc8+ Kd7 51. Nxb6+ axb6 52. Bb5+ Kxc7 53. Rc1+ Kb7 54. Bc6+ Bxc6 55. Rxc6 Kxc6 56. a4 Rh6# 0-1